Le bégaiement sa nature et son traitement
Guardat en:
| Autors principals: | , |
|---|---|
| Format: | Llibre |
| Idioma: | francès |
| Publicat: |
París
Masson & Cie
1964
|
| Edició: | 10a. ed |
| Matèries: | |
| Etiquetes: |
Afegir etiqueta
Sense etiquetes, Sigues el primer a etiquetar aquest registre!
|
MARC
| LEADER | 00000nam a2200000 a 4500 | ||
|---|---|---|---|
| 001 | UCU1515 | ||
| 003 | CL-VaPUC | ||
| 008 | 960404e19640000FR |||||||||||||||||fre|d | ||
| 082 | 0 | 4 | |a 371.914 |b PIC |2 21 |
| 100 | 0 | |a Pichon, Edouard |e author |9 357154 | |
| 700 | 0 | |a Borel-Maisonny, Suzanne |e author |9 357155 | |
| 245 | 1 | 3 | |a Le bégaiement sa nature et son traitement |
| 250 | |a 10a. ed | ||
| 300 | |a 142 p | ||
| 942 | |c BK | ||
| 945 | |d 19960404 00:00:00 |a lriquelm | ||
| 260 | |a París |b Masson & Cie |c 1964 | ||
| 650 | 7 | |a TRASTORNOS DEL HABLA |2 CL-VaPUC |9 309440 | |
| 650 | 0 | |a Desarrollo del lenguaje |9 311270 | |
| 650 | 0 | |a Psicolingüística |9 283371 | |
| 650 | 0 | |a Terapia |9 334442 | |
| 650 | 7 | |a TARTAMUDEZ |2 CL-VaPUC |9 311122 | |
| 583 | |a last modification |c 19960404 00:00:00 |k Rodrigo Vera | ||
| 999 | |c 246100 |d 246098 | ||
| 952 | |0 0 |1 0 |4 0 |6 371_914000000000000_PIC_1964 |7 0 |8 P |9 260843 |a BIBEDU |b BIBEDU |c BIBEDU_PB |d 2019-11-19 |i 2740435 |o 371.914 PIC 1964 |p 2740435 |r 2024-01-25 |w 2019-11-19 |y BK |k EDU | ||